Kadra reprezentacji Albanii na Euro 2024 - Statystyki

Ogólne statystyki
  • Ten quiz został rozwiązany 188 razy
  • Średni wynik to 6 z 26
Statystyki odpowiedzi
Zawodnik Pozycja Klub % Poprawnych
Thomas Strakosha Bramkarz Brentford
60%
Kristjan Asllani Pomocnik Inter Mediolan
57%
Armando Broja Napastnik Fulham
52%
Elseid Hysaj Obrońca Lazio
52%
Berat Djimsiti Obrońca Atalanta
38%
Ernest Muçi Pomocnik Beşiktaş
38%
Etrit Berisha Bramkarz Empoli
38%
Medon Berisha Pomocnik Lecce
38%
Jasir Asani Napastnik Gwangju
27%
Nedim Bajrami Pomocnik Sassuolo
25%
Qazim Laçi Pomocnik Sparta Praga
21%
Marash Kumbulla Obrońca Sassuolo
15%
Rey Manaj Napastnik Sivasspor
15%
Yiber Ramadani Pomocnik Lecce
15%
Iván Balliu Obrońca Rayo Vallecano
14%
Klaus Gjasula Pomocnik SV Darmstadt
14%
Airlind Ajeti Obrońca CFR Cluj
13%
Ardian Ismajli Obrońca Empoli
12%
Arbër Hoxha Napastnik Dinamo Zagrzeb
10%
Elhan Kastrati Bramkarz AS Cittadella
9%
Mario Mitaj Obrońca Lokomotiw Moskwa
9%
Enea Mihaj Obrońca Famalicão
8%
Mirlind Daku Napastnik Rubin Kazań
8%
Amir Abrashi Pomocnik Grasshoppers
6%
Naser Aliji Obrońca FC Voluntari
6%
Taulant Seferi Napastnik FC Baniyas
5%
Nie znaleziono quizów pasujących do podanych kryteriów
Rozkład punktacji
Procent ludzi z każdym wynikiem
Percentyl według liczby udzielonych odpowiedzi
Twoja historia wyników
Nie rozwiązałeś tego quizu